<?xml version="1.0" encoding="UTF-8"?><?xml-stylesheet type="text/xsl" href="static/style.xsl"?><OAI-PMH xmlns="http://www.openarchives.org/OAI/2.0/" xmlns:xsi="http://www.w3.org/2001/XMLSchema-instance" xsi:schemaLocation="http://www.openarchives.org/OAI/2.0/ http://www.openarchives.org/OAI/2.0/OAI-PMH.xsd"><responseDate>2026-04-17T03:47:16Z</responseDate><request verb="GetRecord" identifier="oai:www.recercat.cat:10459.1/83946" metadataPrefix="marc">https://recercat.cat/oai/request</request><GetRecord><record><header><identifier>oai:recercat.cat:10459.1/83946</identifier><datestamp>2024-12-05T22:40:18Z</datestamp><setSpec>com_2072_3622</setSpec><setSpec>col_2072_479130</setSpec></header><metadata><record xmlns="http://www.loc.gov/MARC21/slim" xmlns:dcterms="http://purl.org/dc/terms/" xmlns:xsi="http://www.w3.org/2001/XMLSchema-instance" xmlns:doc="http://www.lyncode.com/xoai" xsi:schemaLocation="http://www.loc.gov/MARC21/slim http://www.loc.gov/standards/marcxml/schema/MARC21slim.xsd">
   <leader>00925njm 22002777a 4500</leader>
   <datafield ind2=" " ind1=" " tag="042">
      <subfield code="a">dc</subfield>
   </datafield>
   <datafield ind2=" " ind1=" " tag="720">
      <subfield code="a">López Alonso, Carmen</subfield>
      <subfield code="e">author</subfield>
   </datafield>
   <datafield ind2=" " ind1=" " tag="720">
      <subfield code="a">Zanga, Daniela</subfield>
      <subfield code="e">author</subfield>
   </datafield>
   <datafield ind2=" " ind1=" " tag="720">
      <subfield code="a">Juárez Escario, Alejandro</subfield>
      <subfield code="e">author</subfield>
   </datafield>
   <datafield ind2=" " ind1=" " tag="720">
      <subfield code="a">Muñoz Odina, Mª Pilar</subfield>
      <subfield code="e">author</subfield>
   </datafield>
   <datafield ind2=" " ind1=" " tag="720">
      <subfield code="a">Eizaguirre Altuna, Matilde</subfield>
      <subfield code="e">author</subfield>
   </datafield>
   <datafield ind2=" " ind1=" " tag="260">
      <subfield code="c">2022-10-17T11:40:35Z</subfield>
   </datafield>
   <datafield ind2=" " ind1=" " tag="260">
      <subfield code="c">2022-10-17T11:40:35Z</subfield>
   </datafield>
   <datafield ind2=" " ind1=" " tag="260">
      <subfield code="c">2022-07-06</subfield>
   </datafield>
   <datafield ind2=" " ind1=" " tag="260">
      <subfield code="c">2022-10-17T11:40:36Z</subfield>
   </datafield>
   <datafield ind2=" " ind1=" " tag="520">
      <subfield code="a">The increase in the area cultivated with vitamin-enriched transgenic crops producing Bt toxin raises the question of whether the addition of vitamins will in any way mitigates the effect of the toxin on the phytophagous insects that feed on those crops. On the other hand, the parental effect that feeding on these enriched transgenic crops may have on the offspring of the phytophagous that survive on them is not well known. In this work, the effect of vitamin A (β-carotene) addition to diets with or without Bt toxin on Helicoverpa armigera larvae and their offspring was determined. The addition of vitamin A did not have any beneficial effect either for the larvae fed on enriched diets nor for their offspring. However, parental effects due to dietary feeding with the toxin were detected since adults from larvae fed on the Bt diet had higher mating success than those fed on the toxin-free diet, although there were no differences on the fertility of mated females regardless of whether their previous larvae fed on the Bt or non-Bt diet. A certain adaptive effect to the toxin was also noted since the mortality of larvae whose previous generation fed on diet with Bt was lower than that of the larvae that came from larvae fed on a non-Bt diet. It would be interesting to determine if H. armigera adults prefer to mate and lay eggs in the same type of crops in which they have developed or if feeding on different crops, such as corn or alfalfa, causes different paternal effects on the offspring. These aspects can be of great importance in the development of resistance of this species to the Bt toxin.</subfield>
   </datafield>
   <datafield ind2=" " ind1=" " tag="520">
      <subfield code="a">This study received funding from&#xd;
Ministerio de Ciencia, Innovación y Universidades</subfield>
   </datafield>
   <datafield ind1="8" ind2=" " tag="024">
      <subfield code="a">http://hdl.handle.net/10459.1/83946</subfield>
   </datafield>
   <datafield tag="653" ind2=" " ind1=" ">
      <subfield code="a">Helicoverpa armigera</subfield>
   </datafield>
   <datafield tag="653" ind2=" " ind1=" ">
      <subfield code="a">Plantes transgèniques</subfield>
   </datafield>
   <datafield ind2="0" ind1="0" tag="245">
      <subfield code="a">Parental effects of Bt toxin and vitamin A on Helicoverpa armigera</subfield>
   </datafield>
</record></metadata></record></GetRecord></OAI-PMH>